Ensayos sobre la teoría del crecimiento económico

Đã lưu trong:
Chi tiết về thư mục
Tác giả chính: Robinson, Joan (Tác giả)
Định dạng: Sách
Ngôn ngữ:Tiếng Tây Ban Nha
Được phát hành: Ciudad de México Fondo de Cultura Económica 1965
Loạt:Obras de Economía
Những chủ đề:
Các nhãn: Thêm thẻ
Không có thẻ, Là người đầu tiên thẻ bản ghi này!

MARC

LEADER 00000nam a2200000 a 4500
001 UCQ1252
003 CL-VaPUC
008 980709e19650000MX |||||||||||||||||spa|d
082 0 4 |a 338.9  |b ROB  |2 21 
100 0 |a Robinson, Joan  |e author  |9 414973 
245 1 0 |a Ensayos sobre la teoría del crecimiento económico 
300 |a 155 p 
942 |c BK 
945 |d 19980709 00:00:00  |a crobeson 
260 |a Ciudad de México  |b Fondo de Cultura Económica  |c 1965 
650 0 |a Crecimiento económico   |9 314037 
650 0 |a Desarrollo económico y social   |9 256320 
650 0 |a Teoría económica  |9 315055 
650 7 |a TEORIA DE LOS PRECIOS  |2 CL-VaPUC  |9 409183 
650 0 |a Oferta y demanda  |9 255571 
650 0 |a Modelos económicos  |9 324997 
583 |a last modification  |c 19980709 00:00:00  |k Rodrigo Vera 
490 0 |a Obras de Economía 
999 |c 272255  |d 272253 
952 |0 0  |1 0  |4 0  |6 338_900000000000000_ROB_1965  |7 0  |8 A  |9 307144  |a BIBENE  |b BIBENE  |d 2019-11-20  |i 1432621  |o 338.9 ROB 1965  |p 1432621  |r 2025-01-15  |w 2019-11-20  |y BK  |k ICO